000 02329nam0a22003851 4500
001 rc\2283862
005 20260405232712.0
010 _bВ пер.
_d86 к.
_920000
021 _aRU
_b76-77463
035 _a(NLR Aleph) 006562813
090 _a6861886
_c6861886
100 _a20110829d1976 |||y0rusy50 ca
101 0 _arus
102 _aRU
105 _ay g |||||
200 1 _aХолодильная техника
_eсвойства веществ
_eсправочник
_fС.Н. Богданов, О.П. Иванов, А.В. Куприянова
205 _a2-е изд., перераб. и доп.
210 _aЛенинград
_cМашиностроение. Ленинградское отделение
_d1976
215 _a166 с., 2 отд. л. граф.
_d22
300 _aЗагл. 1-го изд.: Свойства рабочих веществ, теплоносителей и материалов, используемых в холодильной технике
320 _aСписок лит.: с. 165-166 (41 назв.)
451 0 _12001#$aСвойства рабочих веществ, теплоносителей и материалов, используемых в холодильной технике
_1210##$d1972
_tСвойства рабочих веществ, теплоносителей и материалов, используемых в холодильной технике
606 1 _aХолодильные агенты
_jСправочники
_xТеплофизические свойства
_91909626
_3RU\NLR\AUTH\661159467
686 _aз392-032я22
_2rubbk
700 1 _8rus
_7ca
_aБогданов
_bС. Н.
_cканд. техн. наук, теплотехника
_f1926-
_gСергей Николаевич
_3RU\NLR\AUTH\77106494
_989419
701 1 _8rus
_7ca
_aКуприянова
_bА. В.
_cканд. техн. наук, термодинамика
_gАлла Васильевна
_3RU\NLR\AUTH\7761455
_944385
701 1 _8rus
_7ca
_aИванов
_bО. П.
_cд-р техн. наук
_gОлег Петрович
_3RU\NLR\AUTH\7772570
_955498
801 0 _aRU
_bNLR
_gpsbo
801 1 _aRU
_bELAR
_2rusmarc
801 2 _aRU
_bNLR
_c20150114
_2rusmarc
852 _aNLR
_j77-5/1219
899 _aRuMoRGB
_jБ 76-51/1361
899 _aRuMoRGB
_jБ 76-51/1362
942 _cBOOK
980 _aNB